000 00702nam a2200289Ia 4500
005 20260324140938.0
008 008 260324s9999 xx 000 0 eng d
020 _a9780429333347
037 _aEBOOK
040 _aCRL
040 _beng
040 _cCRL
041 _2eng
041 _aeng
084 _qCRL
100 _aMark R. Hawthorne
_91206331
245 0 _aFirst Unit Responder
245 2 _bA Guide to Physical Evidence Collection for Patrol Officers
260 _bTaylor and Francis
260 _c1998
365 _a
365 _b160
856 _uhttp://www.taylorfrancis.com/books/9780429333347
942 _cEBOOK
999 _c1808915
_d1808915